00748 2200265 4500001002100000005001500021035002000036007000300056008004100059020001800100082001100118084001700129100003100146245007100177250001200248300004300260650001500303650001300318710002000331264004400351336002100395337003000416338002300446990001300469INLIS00000000111894520220525093833 a0010-0522000091ta220525 0 ind  a9786230025006 a005.74 a005.74 DED m0 aDedik KurniawanePengarang1 aMengembalikan Data yang Hilang /cDedik Kurniawan, Java Creativity aedisi 1 axii, 240 halaman :bilustrasi ;c21 cm 4aBasis Data 4aDatabase0 aJava Creativity aJakarta :bElex Media Komputindo,c2021 2rdacontentaTeks 2rdamediaaTanpa Perantara 2rdacarrieraVolume a21/01207